LDR 00931naa#a2200181#i#450# 001 RU\\bibl\8299 005 20260415151432.3 011 ## _a2308-8877 100 ## _a20151210b2015####ek#y0rusy0150####ca 101 0# _aRUS 102 ## _aRU 200 1# _aК вопросу определения кинетической энергии машинно--тракторных агрегатов для исследования движения с помощью уравнений Лагранжа второго рода _eЖурнальная статья 210 1# _aВоронеж _cВоронежский государственный лесотехнический университет имени Г.Ф. Морозова _d2015 215 ## _a7 с. 608 ## _aЖурнальная статья _2local 700 #1 _aВелиев _gНазим Талыб оглы 700 #1 _aВелиев _gРамиль Назим оглы 856 4# _aanni.editorum.ru _u